Reading the new testament: an introduction

Guardat en:
Dades bibliogràfiques
Autor principal: PERKINS, Pheme
Format: Llibre
Idioma:anglès
Publicat: Paulist Press 1988
Etiquetes: Afegir etiqueta
Sense etiquetes, Sigues el primer a etiquetar aquest registre!

MARC

LEADER 00000nam a22000007a 4500
008 210419b ||||| |||| 00| 0 eng d
020 |a : 0-345-43403-X 
100 |a PERKINS, Pheme. 
245 |a Reading the new testament: an introduction  |c Pheme Perkins 
250 |b 2nd 
260 |b Paulist Press  |c 1988  |h  New Jersey, USA  |i 686238  |l BS2330.2 .P41   |m  United States Military Academy – History – 19th century.  |m  United States – History – Civil war, 1861-1865 – Campaigns  |m Generals – United States – History – 19th century  |m United States – History, Military – To 1900  |m  Mexican war, 1846 
942 |a lcc  |c BK  |e Mr ogunleye  |f 19/4/2021 
952 |0 0  |1 0  |2 lcc  |4 0  |6 BS23302 P41  |7 0  |9 2166  |a HOL  |b HOL  |d 2021-04-19  |l 0  |o BS2330.2 .P41  |p 2021-6020  |r 2021-04-19 00:00:00  |w 2021-04-19  |y BK 
999 |c 1126  |d 1126